书目信息 |
| 题名: |
红色的英勇勋章
|
|
| 作者: | 克莱恩 , 薛琛 , 克莱恩 著 | |
| 分册: | ||
| 出版信息: | 北京 中国青年出版社 1995.05 |
|
| 页数: | 173页 | |
| 开本: | 32开 | |
| 丛书名: | ||
| 单 册: | ||
| 中图分类: | I712.44 | |
| 科图分类: | ||
| 主题词: | 文学 | |
| 电子资源: | ||
| ISBN: | 7-5006-2118-3 | |
| 000 | 00644nam0 2200217 45 | |
| 001 | 0008030860 | |
| 005 | 20000803083845.4 | |
| 010 | @a7-5006-2118-3@d7.80元 | |
| 100 | @a20000803d1995 km y0chiy0120 ea | |
| 101 | 0 | @achi |
| 105 | @a z 000yy | |
| 200 | 1 | @a红色的英勇勋章@AHong Se De Ying Yong Xun Zhang@f(美)克莱恩著;徐齐平,薛琛译@F(Mei)Ke Lai En Zhu;Xu Qi Ping,Xue Chen Yi |
| 210 | @a北京@c中国青年出版社@d1995.05 | |
| 215 | @a173页@d32开 | |
| 606 | 0 | @a文学 |
| 690 | @aI712.44@v3 | |
| 701 | 0 | @a克莱恩@4著 |
| 701 | 0 | @a薛琛@4译 |
| 701 | 0 | @a克莱恩@4著 |
| 801 | @aCN@bPftUser@c20000803 | |
| 905 | @b85023-027@dI712.44@eF219@f5 | |
| 红色的英勇勋章/(美)克莱恩著;徐齐平,薛琛译.-北京:中国青年出版社,1995.05 |
| 173页;32开 |
| ISBN 7-5006-2118-3:7.80元 |
| ● |
| 相关链接 |
|
|
|
正题名:红色的英勇勋章
索取号:I712.44/F219
 
预约/预借
| 序号 | 登录号 | 条形码 | 馆藏地/架位号 | 状态 | 备注 |
| 1 | 85023 | 200850230 | 社科二线422/422社科库 32排1列3层/ [索取号:I712.44/F219] | 在馆 | |
| 2 | 85024 | 200850249 | 社科二线400B/116文学库 25排6列1层/ [索取号:I712.44/F219] | 在馆 | |
| 3 | 85025 | 200850258 | 社科二线400B/116文学库 25排6列1层/ [索取号:I712.44/F219] | 在馆 | |
| 4 | 85026 | 200850267 | 社科二线400B/116文学库 25排6列1层/ [索取号:I712.44/F219] | 在馆 | |
| 5 | 85027 | 200850276 | 社科二线400B/116文学库 25排6列1层/ [索取号:I712.44/F219] | 在馆 |